LEADER 01034nam0-22003371i-4500 001 990000877200403321 005 20170206155341.0 035 $a000087720 035 $aFED01000087720 035 $a(Aleph)000087720FED01 035 $a000087720 100 $a20001010d1973----km-y0itay50------ba 101 0 $aeng 105 $ay-------001yy 200 1 $aTheoretical and Applied Mechanics$eproceedings of the thirteenth international congress of theoretical and applied mechanics, Moscow, August 21-26, 1972 210 $aNew York$cSpringre-Verlag$d1973 215 $ap.360$cill.$dcm38 610 0 $aScienze delle Costruzioni 700 1$aBecker,$bErnst$0344264 702 1$aMikhailav,$bG.K. 801 0$aIT$bUNINA$gRICA$2UNIMARC 901 $aBK 912 $a990000877200403321 952 $a03 SC.0,141$b3145$fIINTC 952 $a03 VS.0,77$b444$fIINTC 952 $a184-E-6-(3$b16300$fMA1 959 $aIINTC 959 $aMA1 996 $aTHeoretical and Applied Mechanics$9355622 997 $aUNINA DB $aING01 LEADER 01872oam 2200493zu 450 001 996217141803316 005 20210807003437.0 035 $a(CKB)111026746729578 035 $a(SSID)ssj0000393624 035 $a(PQKBManifestationID)12163511 035 $a(PQKBTitleCode)TC0000393624 035 $a(PQKBWorkID)10372384 035 $a(PQKB)11511395 035 $a(EXLCZ)99111026746729578 100 $a20160829d2000 uy 101 0 $aeng 181 $ctxt 182 $cc 183 $acr 200 10$a2000 5th International Symposium on Antennas, Propagation and EM Theory : proceedings : August 15-18, 2000, Media Center, Beijing, China : ISAPE 2000 210 31$a[Place of publication not identified]$cPublishing House of Electronics Industry$d2000 300 $aBibliographic Level Mode of Issuance: Monograph 311 $a0-7803-6377-9 606 $aAntennas (Electronics)$xScattering$vCongresses 606 $aElectromagnetic theory$vCongresses 606 $aElectromagnetic waves$vCongresses 606 $aElectrical Engineering$2HILCC 606 $aElectrical & Computer Engineering$2HILCC 606 $aEngineering & Applied Sciences$2HILCC 615 0$aAntennas (Electronics)$xScattering 615 0$aElectromagnetic theory 615 0$aElectromagnetic waves 615 7$aElectrical Engineering 615 7$aElectrical & Computer Engineering 615 7$aEngineering & Applied Sciences 676 $a621.382/4 702 $aJin$b Ya-Qiu 702 $aJin$b Ya-Qiu 712 12$aInternational Symposium on Antennas, Propagation and EM Theory 801 0$bPQKB 906 $aPROCEEDING 912 $a996217141803316 996 $a2000 5th International Symposium on Antennas, Propagation and EM Theory : proceedings : August 15-18, 2000, Media Center, Beijing, China : ISAPE 2000$92507137 997 $aUNISA